| 000 | 00932nam a2200265 4500 | ||
|---|---|---|---|
| 003 | OSt | ||
| 005 | 20240614004000.0 | ||
| 006 | a | ||
| 008 | 240614b |||||||| |||| 00| 0 eng d | ||
| 020 | _a9781412939294 | ||
| 040 |
_aDWCL-Main lib. _cOC |
||
| 082 | _aCirc. 300.712 F832c 2009 | ||
| 100 | _aFranklin, Catherine A. | ||
| 245 | _aCivil literacy through curriculum drama, grades, 6-12 / | ||
| 260 |
_aCalifornia : _bCorwin Press, _cc2009. |
||
| 300 |
_axv, _b178 p. ; _c26 cm. |
||
| 504 | _aIncludes glossary, references & index. | ||
| 650 | _a1. Social sciences–Study and teaching (Middle School)–U.S–Curricula. | ||
| 650 | _a2. Social sciences–Study and teaching (Secondary)–U.S.–Curricula. | ||
| 650 | _a3. Drama in education–U.S. | ||
| 650 | _a4. Constructivism (Education)–U.S. | ||
| 650 | _a5. Imagination in children. | ||
| 700 | _aCatherine A. Franklin | ||
| 942 |
_2ddc _n0 _cBK-CIRC _kCirc. |
||
| 999 |
_c654 _d654 |
||